[Event "English Schools Championship Final 2024"]
[Site "Nottingham University Kings Meadow Campus, United Kingdom"]
[Date "2024.06.27"]
[Round "1.47"]
[White "Subin, Samvrit"]
[Black "Misra, Samarth"]
[Result "1-0"]
[TimeControl "G50' + 10\" per move."]
[WhiteFideId "343113726"]
[BlackFideId "343441696"]
[WhiteElo "1808"]
[BlackElo "1508"]

1. e4 {[%clk 00:50:19]} e5 {[%clk 00:50:15]} {[%emt 00:00:05]} 2. Nf3 {[%clk
00:50:27]} {[%emt 00:00:02]} Nc6 {[%clk 00:50:15]} {[%emt 00:00:10]} 3. Bc4
{[%clk 00:50:33]} {[%emt 00:00:04]} Bc5 {[%clk 00:50:14]} {[%emt 00:00:10]} 4.
O-O {[%clk 00:50:40]} {[%emt 00:00:04]} d6 {[%clk 00:49:57]} {[%emt 00:00:27]}
5. c3 {[%clk 00:49:41]} {[%emt 00:01:09]} Be6 {[%clk 00:48:39]} {[%emt
00:01:27]} 6. Bxe6 {[%clk 00:48:33]} {[%emt 00:01:01]} fxe6 {[%clk 00:48:39]}
{[%emt 00:00:27]} 7. d4 {[%clk 00:48:33]} {[%emt 00:00:10]} exd4 {[%clk
00:48:05]} {[%emt 00:00:44]} 8. cxd4 {[%clk 00:48:38]} {[%emt 00:00:05]} Bb6
{[%clk 00:48:04]} {[%emt 00:00:11]} 9. Bg5 {[%clk 00:40:05]} {[%emt 00:08:42]}
Nge7 {[%clk 00:45:51]} {[%emt 00:02:23]} 10. Re1 {[%clk 00:38:43]} {[%emt
00:01:32]} h6 {[%clk 00:43:48]} {[%emt 00:02:12]} 11. Bxe7 {[%clk 00:32:34]}
{[%emt 00:06:20]} Qxe7 {[%clk 00:43:23]} {[%emt 00:00:35]} 12. d5 {[%clk
00:32:29]} {[%emt 00:00:15]} Ne5 {[%clk 00:40:58]} {[%emt 00:02:35]} 13. Nxe5
{[%clk 00:31:39]} {[%emt 00:01:00]} dxe5 {[%clk 00:40:40]} {[%emt 00:00:27]} 14.
Qh5+ {[%clk 00:31:36]} {[%emt 00:00:14]} Qf7 {[%clk 00:39:27]} {[%emt
00:01:23]} 15. Qxf7+ {[%clk 00:30:51]} {[%emt 00:00:55]} Kxf7 {[%clk 00:39:30]}
{[%emt 00:00:07]} 16. Nc3 {[%clk 00:30:53]} {[%emt 00:00:09]} Ke7 {[%clk
00:38:49]} {[%emt 00:00:50]} 17. Rac1 {[%clk 00:29:57]} {[%emt 00:01:06]} Rhf8
{[%clk 00:37:47]} {[%emt 00:01:11]} 18. Re2 {[%clk 00:29:53]} {[%emt 00:00:15]}
Bd4 {[%clk 00:36:15]} {[%emt 00:01:42]} 19. Nb5 {[%clk 00:28:44]} {[%emt
00:01:18]} Bb6 {[%clk 00:24:07]} {[%emt 00:12:19]} 20. Rec2 {[%clk 00:26:17]}
{[%emt 00:02:38]} c6 {[%clk 00:19:19]} {[%emt 00:04:57]} 21. dxc6 {[%clk
00:25:52]} {[%emt 00:00:35]} bxc6 {[%clk 00:18:59]} {[%emt 00:00:30]} 22. Rxc6
{[%clk 00:25:12]} {[%emt 00:00:50]} Bxf2+ {[%clk 00:14:54]} {[%emt 00:04:14]}
23. Kh1 {[%clk 00:25:15]} {[%emt 00:00:08]} Bd4 {[%clk 00:14:21]} {[%emt
00:00:43]} 24. Rc7+ {[%clk 00:24:39]} {[%emt 00:00:45]} Kf6 {[%clk 00:12:52]}
{[%emt 00:01:37]} 25. R7c6 {[%clk 00:19:54]} {[%emt 00:04:58]} Bxb2 {[%clk
00:10:10]} {[%emt 00:02:52]} 26. R1c2 {[%clk 00:19:32]} {[%emt 00:00:33]} Ke7
{[%clk 00:08:46]} {[%emt 00:01:33]} 27. Rc7+ {[%clk 00:14:56]} {[%emt
00:04:47]} Kd8 {[%clk 00:07:46]} {[%emt 00:01:11]} 28. h3 {[%clk 00:13:45]}
{[%emt 00:01:21]} Bd4 {[%clk 00:07:22]} {[%emt 00:00:34]} 29. Rxg7 {[%clk
00:10:37]} {[%emt 00:03:18]} a6 {[%clk 00:07:02]} {[%emt 00:00:31]} 30. Nd6
{[%clk 00:08:46]} {[%emt 00:02:00]} Rf1+ {[%clk 00:01:25]} {[%emt 00:05:46]} 31.
Kh2 {[%clk 00:08:34]} {[%emt 00:00:22]} Bg1+ {[%clk 00:01:10]} {[%emt
00:00:26]} 32. Kg3 {[%clk 00:08:39]} {[%emt 00:00:04]} Bf2+ {[%clk 00:01:18]}
{[%emt 00:00:02]} 33. Kg4 {[%clk 00:08:34]} {[%emt 00:00:15]} Bb6 {[%clk
00:00:35]} {[%emt 00:00:53]} 34. Nb7+ {[%clk 00:07:40]} {[%emt 00:01:04]} Ke8
{[%clk 00:00:42]} {[%emt 00:00:02]} 35. Rd2 {[%clk 00:06:50]} {[%emt 00:01:00]}
Rg1 {[%clk 00:00:20]} {[%emt 00:00:31]} 36. Rg8+ {[%clk 00:06:43]} {[%emt
00:00:17]} Ke7 {[%clk 00:00:26]} {[%emt 00:00:05]} 1-0

[Event "English Schools Championship Final 2024"]
[Site "Nottingham University Kings Meadow Campus, United Kingdom"]
[Date "2024.06.27"]
[Round "1.48"]
[White "Burns, Luke"]
[Black "Lucey, Cathal"]
[Result "0-1"]
[TimeControl "G50' + 10\" per move."]
[WhiteElo "1358"]
[BlackElo "1643"]

1. d4 {[%clk 00:50:18]} {[%emt 00:00:01]} Nf6 {[%clk 00:50:03]} {[%emt
00:00:17]} 2. Nf3 {[%clk 00:50:12]} {[%emt 00:00:17]} d5 {[%clk 00:49:50]}
{[%emt 00:00:22]} 3. Bf4 {[%clk 00:50:15]} {[%emt 00:00:07]} Bf5 {[%clk
00:48:31]} {[%emt 00:01:30]} 4. e3 {[%clk 00:49:54]} {[%emt 00:00:32]} e6
{[%clk 00:48:14]} {[%emt 00:00:26]} 5. c4 {[%clk 00:49:14]} {[%emt 00:00:50]}
Bb4+ {[%clk 00:46:24]} {[%emt 00:02:00]} 6. Nc3 {[%clk 00:49:00]} {[%emt
00:00:24]} c6 {[%clk 00:43:54]} {[%emt 00:02:40]} 7. Ne5 {[%clk 00:47:10]}
{[%emt 00:02:00]} h5 {[%clk 00:38:21]} {[%emt 00:05:42]} 8. h3 {[%clk
00:46:21]} {[%emt 00:01:00]} Bd6 {[%clk 00:36:40]} {[%emt 00:01:51]} 9. c5
{[%clk 00:45:12]} {[%emt 00:01:19]} Bxe5 {[%clk 00:35:30]} {[%emt 00:01:19]} 10.
Bxe5 {[%clk 00:45:03]} {[%emt 00:00:18]} Nbd7 {[%clk 00:30:25]} {[%emt
00:05:15]} 11. Qb3 {[%clk 00:44:06]} {[%emt 00:01:07]} Nxe5 {[%clk 00:24:51]}
{[%emt 00:05:44]} 12. dxe5 {[%clk 00:44:02]} {[%emt 00:00:13]} Nd7 {[%clk
00:22:05]} {[%emt 00:02:57]} 13. O-O-O {[%clk 00:37:04]} {[%emt 00:07:09]} Nxc5
{[%clk 00:20:16]} {[%emt 00:01:58]} 14. Qb4 {[%clk 00:35:36]} {[%emt 00:01:38]}
Qb6 {[%clk 00:18:58]} {[%emt 00:01:27]} 15. Qa3 {[%clk 00:32:36]} {[%emt
00:03:10]} O-O {[%clk 00:17:47]} {[%emt 00:01:21]} 16. Be2 {[%clk 00:31:44]}
{[%emt 00:01:02]} Bg6 {[%clk 00:17:26]} {[%emt 00:00:32]} 17. g4 {[%clk
00:31:07]} {[%emt 00:00:47]} h4 {[%clk 00:17:09]} {[%emt 00:00:27]} 18. f4
{[%clk 00:28:10]} {[%emt 00:03:08]} a5 {[%clk 00:13:51]} {[%emt 00:03:27]} 19.
Rhf1 {[%clk 00:27:14]} {[%emt 00:01:07]} f5 {[%clk 00:11:23]} {[%emt 00:02:37]}
20. g5 {[%clk 00:25:09]} {[%emt 00:02:15]} Qb4 {[%clk 00:11:08]} {[%emt
00:00:25]} 21. Rd4 {[%clk 00:24:03]} {[%emt 00:01:17]} Qxa3 {[%clk 00:10:26]}
{[%emt 00:00:50]} 22. bxa3 {[%clk 00:24:10]} {[%emt 00:00:04]} Ne4 {[%emt
00:01:03]} 23. Nxe4 {[%clk 00:23:06]} {[%emt 00:01:14]} fxe4 {[%clk 00:09:31]}
{[%emt 00:00:13]} 24. Kd2 {[%clk 00:23:01]} {[%emt 00:00:15]} b5 {[%clk
00:09:07]} {[%emt 00:00:34]} 25. Rc1 {[%clk 00:22:49]} {[%emt 00:00:22]} Rfc8
{[%clk 00:08:57]} {[%emt 00:00:21]} 26. Rc5 {[%clk 00:21:58]} {[%emt 00:01:01]}
Bf5 {[%clk 00:08:12]} {[%emt 00:00:55]} 27. Bf1 {[%clk 00:21:20]} {[%emt
00:00:49]} Kf7 {[%clk 00:08:04]} {[%emt 00:00:17]} 28. Kc3 {[%clk 00:20:53]}
{[%emt 00:00:37]} Ke7 {[%clk 00:07:46]} {[%emt 00:00:28]} 29. Kb3 {[%clk
00:20:43]} {[%emt 00:00:20]} Kd7 {[%clk 00:07:35]} {[%emt 00:00:20]} 30. a4
{[%clk 00:20:37]} {[%emt 00:00:16]} Rab8 {[%clk 00:06:06]} {[%emt 00:01:39]} 31.
a3 {[%clk 00:20:05]} {[%emt 00:00:43]} Rb6 {[%clk 00:05:53]} {[%emt 00:00:23]}
32. Rd2 {[%clk 00:17:15]} {[%emt 00:03:00]} Rcb8 {[%clk 00:04:18]} {[%emt
00:01:45]} 33. Rdc2 {[%clk 00:15:08]} {[%emt 00:02:17]} b4 {[%clk 00:03:00]}
{[%emt 00:01:28]} 34. Rxa5 {[%clk 00:14:26]} {[%emt 00:00:51]} bxa3+ {[%clk
00:02:30]} {[%emt 00:00:40]} 35. Kxa3 {[%clk 00:14:31]} {[%emt 00:00:05]} Kc7
{[%clk 00:02:18]} {[%emt 00:00:22]} 36. Ra7+ {[%clk 00:14:20]} {[%emt
00:00:21]} R8b7 {[%clk 00:02:22]} {[%emt 00:00:07]} 37. Rxb7+ {[%clk 00:14:07]}
{[%emt 00:00:23]} Kxb7 {[%clk 00:02:18]} {[%emt 00:00:13]} 38. a5 {[%clk
00:14:03]} {[%emt 00:00:14]} Rb1 {[%clk 00:02:20]} {[%emt 00:00:07]} 39. a6+
{[%clk 00:13:29]} {[%emt 00:00:45]} Kc7 {[%clk 00:02:10]} {[%emt 00:00:20]} 40.
Ka2 {[%clk 00:11:34]} {[%emt 00:02:05]} Rb6 {[%clk 00:01:28]} {[%emt 00:00:51]}
41. Rc5 {[%clk 00:10:48]} {[%emt 00:00:56]} Kb8 {[%clk 00:01:29]} {[%emt
00:00:10]} 42. Ra5 {[%clk 00:10:38]} {[%emt 00:00:19]} Ka7 {[%clk 00:01:35]}
{[%emt 00:00:05]} 43. Ka3 {[%clk 00:09:57]} {[%emt 00:00:51]} Bg6 {[%clk
00:01:43]} {[%emt 00:00:02]} 44. Ka4 {[%clk 00:09:59]} {[%emt 00:00:08]} Be8
{[%clk 00:01:51]} {[%emt 00:00:02]} 45. Ka3 {[%clk 00:09:45]} {[%emt 00:00:24]}
Rb1 {[%clk 00:01:56]} {[%emt 00:00:04]} 46. Bg2 {[%clk 00:09:15]} {[%emt
00:00:40]} Ra1+ {[%clk 00:01:50]} {[%emt 00:00:16]} 47. Kb4 {[%clk 00:09:14]}
{[%emt 00:00:11]} Rxa5 {[%clk 00:01:57]} {[%emt 00:00:03]} 48. Kxa5 {[%clk
00:09:17]} {[%emt 00:00:07]} c5 {[%clk 00:02:06]} {[%emt 00:00:02]} 49. Bf1
{[%clk 00:09:18]} {[%emt 00:00:09]} c4 {[%clk 00:02:12]} {[%emt 00:00:04]} 50.
Be2 {[%clk 00:09:16]} {[%emt 00:00:12]} Bd7 {[%clk 00:02:05]} {[%emt 00:00:17]}
51. Bd1 {[%clk 00:09:00]} {[%emt 00:00:26]} Bc8 {[%clk 00:02:10]} {[%emt
00:00:05]} 52. Kb5 {[%clk 00:08:46]} {[%emt 00:00:24]} Bxa6+ {[%clk 00:02:15]}
{[%emt 00:00:04]} 53. Kc6 {[%clk 00:08:45]} {[%emt 00:00:12]} c3 {[%clk
00:02:20]} {[%emt 00:00:06]} 54. Bc2 {[%clk 00:08:45]} {[%emt 00:00:09]} Bf1
{[%clk 00:02:26]} {[%emt 00:00:03]} 55. Kd6 {[%clk 00:08:45]} {[%emt 00:00:11]}
Bxh3 {[%clk 00:02:34]} {[%emt 00:00:02]} 56. Ke7 {[%clk 00:08:36]} {[%emt
00:00:20]} Bf5 {[%clk 00:02:34]} {[%emt 00:00:09]} 57. Kf7 {[%clk 00:07:42]}
{[%emt 00:01:04]} g6 {[%clk 00:02:39]} {[%emt 00:00:04]} 58. Kg7 {[%clk
00:06:57]} {[%emt 00:00:55]} h3 {[%clk 00:02:48]} {[%emt 00:00:02]} 59. Ba4
{[%clk 00:06:34]} {[%emt 00:00:33]} h2 {[%clk 00:02:52]} {[%emt 00:00:06]} 60.
Be8 {[%clk 00:06:39]} {[%emt 00:00:04]} h1=Q {[%clk 00:02:54]} {[%emt
00:00:08]} 61. Bxg6 {[%clk 00:06:39]} {[%emt 00:00:11]} Bxg6 {[%clk 00:02:52]}
{[%emt 00:00:11]} 62. Kxg6 {[%clk 00:06:44]} {[%emt 00:00:04]} Qh3 {[%clk
00:02:49]} {[%emt 00:00:13]} 63. Kf6 {[%clk 00:06:46]} {[%emt 00:00:08]} Qf5+
{[%clk 00:02:57]} {[%emt 00:00:03]} 64. Ke7 {[%clk 00:06:42]} {[%emt 00:00:14]}
c2 {[%clk 00:03:04]} {[%emt 00:00:03]} 65. Kd6 {[%clk 00:06:39]} {[%emt
00:00:14]} c1=Q {[%clk 00:03:08]} {[%emt 00:00:06]} 66. g6 {[%clk 00:06:38]}
{[%emt 00:00:11]} Qa3+ {[%clk 00:03:15]} {[%emt 00:00:02]} 67. Kc6 {[%clk
00:06:25]} {[%emt 00:00:23]} Qxg6 {[%clk 00:03:18]} {[%emt 00:00:07]} 68. Kb5
{[%clk 00:06:31]} {[%emt 00:00:05]} Qe8# {[%emt 00:00:15]} 0-1

[Event "English Schools Championship Final 2024"]
[Site "Nottingham University Kings Meadow Campus, United Kingdom"]
[Date "2024.06.27"]
[Round "1.49"]
[White "Nayak, Varun"]
[Black "Zhu, Pengxiao"]
[Result "0-1"]
[TimeControl "G50' + 10\" per move."]
[WhiteFideId "343440843"]
[BlackFideId "499307"]
[WhiteElo "1833"]
[BlackElo "2126"]

1. e4 {[%clk 00:50:18]} {[%emt 00:00:01]} e5 {[%clk 00:50:15]} {[%emt
00:00:05]} 2. Nc3 {[%clk 00:50:26]} {[%emt 00:00:02]} Nf6 {[%clk 00:50:20]}
{[%emt 00:00:05]} 3. f4 {[%clk 00:50:30]} {[%emt 00:00:05]} d5 {[%clk
00:50:26]} {[%emt 00:00:04]} 4. fxe5 {[%clk 00:50:35]} {[%emt 00:00:06]} Nxe4
{[%clk 00:50:32]} {[%emt 00:00:05]} 5. Qf3 {[%clk 00:50:32]} {[%emt 00:00:12]}
Nc6 {[%clk 00:50:34]} {[%emt 00:00:08]} 6. Bb5 {[%clk 00:50:33]} {[%emt
00:00:09]} Nxc3 {[%clk 00:50:35]} {[%emt 00:00:09]} 7. dxc3 {[%clk 00:50:07]}
{[%emt 00:00:36]} Be6 {[%clk 00:50:18]} {[%emt 00:00:24]} 8. Bf4 {[%clk
00:49:43]} {[%emt 00:00:36]} Qd7 {[%clk 00:50:19]} {[%emt 00:00:09]} 9. Ne2
{[%clk 00:48:55]} {[%emt 00:00:58]} Bc5 {[%clk 00:50:07]} {[%emt 00:00:22]} 10.
Qg3 {[%clk 00:48:23]} {[%emt 00:00:42]} O-O {[%clk 00:48:45]} {[%emt 00:01:34]}
11. Nd4 {[%clk 00:46:38]} {[%emt 00:01:55]} Bxd4 {[%clk 00:46:16]} {[%emt
00:02:38]} 12. cxd4 {[%clk 00:46:30]} {[%emt 00:00:19]} Bf5 {[%clk 00:45:11]}
{[%emt 00:01:15]} 13. c3 {[%clk 00:46:34]} {[%emt 00:00:05]} a6 {[%clk
00:44:58]} {[%emt 00:00:23]} 14. Bxc6 {[%clk 00:46:33]} {[%emt 00:00:10]} Qxc6
{[%clk 00:44:36]} {[%emt 00:00:33]} 15. O-O {[%clk 00:46:23]} {[%emt 00:00:21]}
b5 {[%clk 00:44:13]} {[%emt 00:00:33]} 16. h4 {[%clk 00:46:28]} {[%emt
00:00:05]} h5 {[%clk 00:42:47]} {[%emt 00:01:36]} 17. Bg5 {[%clk 00:46:01]}
{[%emt 00:00:36]} Qg6 {[%clk 00:42:12]} {[%emt 00:00:45]} 18. Rf2 {[%clk
00:44:37]} {[%emt 00:01:35]} a5 {[%clk 00:40:38]} {[%emt 00:01:44]} 19. a3
{[%clk 00:44:13]} {[%emt 00:00:34]} Rab8 {[%clk 00:38:38]} {[%emt 00:02:09]} 20.
Qf4 {[%clk 00:43:27]} {[%emt 00:00:56]} Bg4 {[%clk 00:38:14]} {[%emt 00:00:33]}
21. Qe3 {[%clk 00:43:06]} {[%emt 00:00:32]} b4 {[%clk 00:38:03]} {[%emt
00:00:22]} 22. axb4 {[%clk 00:43:13]} {[%emt 00:00:02]} axb4 {[%clk 00:38:09]}
{[%emt 00:00:05]} 23. Be7 {[%clk 00:43:06]} {[%emt 00:00:17]} bxc3 {[%clk
00:37:54]} {[%emt 00:00:24]} 24. Qxc3 {[%clk 00:41:44]} {[%emt 00:01:32]} Rfe8
{[%clk 00:35:54]} {[%emt 00:02:11]} 25. Bc5 {[%clk 00:41:14]} {[%emt 00:00:39]}
Be6 {[%clk 00:31:12]} {[%emt 00:04:52]} 26. Raf1 {[%clk 00:40:27]} {[%emt
00:00:57]} Ra8 {[%clk 00:25:58]} {[%emt 00:05:24]} 27. Ba3 {[%clk 00:39:48]}
{[%emt 00:00:49]} Reb8 {[%clk 00:25:45]} {[%emt 00:00:23]} 28. Qxc7 {[%clk
00:34:41]} {[%emt 00:05:17]} Rb3 {[%clk 00:25:43]} {[%emt 00:00:12]} 29. Qc2
{[%clk 00:34:04]} {[%emt 00:00:46]} Qg3 {[%clk 00:25:21]} {[%emt 00:00:34]} 30.
Rf4 {[%clk 00:33:30]} {[%emt 00:00:43]} Rab8 {[%clk 00:24:28]} {[%emt
00:01:03]} 31. Qf2 {[%clk 00:33:29]} {[%emt 00:00:12]} Qg6 {[%clk 00:24:25]}
{[%emt 00:00:12]} 32. Rf3 {[%clk 00:31:09]} {[%emt 00:02:30]} Qe4 {[%clk
00:17:45]} {[%emt 00:06:49]} 33. Re1 {[%clk 00:28:04]} {[%emt 00:03:16]} Rxf3
{[%clk 00:17:32]} {[%emt 00:00:24]} 34. gxf3 {[%clk 00:28:04]} {[%emt
00:00:09]} Qf4 {[%clk 00:17:33]} {[%emt 00:00:09]} 35. Bc5 {[%clk 00:24:01]}
{[%emt 00:04:13]} Rb3 {[%clk 00:17:30]} {[%emt 00:00:14]} 36. Qg2 {[%clk
00:16:51]} {[%emt 00:07:20]} Rxf3 {[%clk 00:17:26]} {[%emt 00:00:14]} 37. Rf1
{[%clk 00:15:41]} {[%emt 00:01:19]} 0-1

[Event "English Schools Championship Final 2024"]
[Site "Nottingham University Kings Meadow Campus, United Kingdom"]
[Date "2024.06.27"]
[Round "1.50"]
[White "Hill, Charlie"]
[Black "Khan, Leo"]
[Result "0-1"]
[TimeControl "G50' + 10\" per move."]
[WhiteFideId "343401791"]
[BlackFideId "343440711"]
[WhiteElo "1688"]
[BlackElo "1622"]

1. d4 {[%clk 00:50:19]} {[%emt 00:00:01]} d5 {[%clk 00:50:16]} {[%emt
00:00:05]} 2. Bf4 {[%clk 00:50:27]} {[%emt 00:00:01]} c5 {[%clk 00:49:59]}
{[%emt 00:00:27]} 3. e3 {[%clk 00:50:36]} {[%emt 00:00:01]} f6 {[%clk
00:49:30]} {[%emt 00:00:39]} 4. Nc3 {[%clk 00:49:02]} {[%emt 00:01:44]} Nc6
{[%clk 00:47:59]} {[%emt 00:01:41]} 5. Qh5+ {[%clk 00:46:14]} {[%emt 00:02:58]}
g6 {[%clk 00:46:34]} {[%emt 00:01:35]} 6. Qxd5 {[%clk 00:46:20]} {[%emt
00:00:03]} cxd4 {[%clk 00:44:49]} {[%emt 00:01:56]} 7. exd4 {[%clk 00:45:09]}
{[%emt 00:01:21]} Nxd4 {[%clk 00:41:31]} {[%emt 00:03:28]} 8. O-O-O {[%clk
00:44:24]} {[%emt 00:00:55]} e5 {[%clk 00:39:57]} {[%emt 00:01:44]} 9. Qxd8+
{[%clk 00:29:21]} {[%emt 00:15:13]} Kxd8 {[%clk 00:39:09]} {[%emt 00:00:56]} 10.
Be3 {[%clk 00:19:47]} {[%emt 00:09:46]} Bh6 {[%clk 00:28:11]} {[%emt 00:11:08]}
11. Nge2 {[%clk 00:17:31]} {[%emt 00:02:25]} Bg4 {[%clk 00:26:14]} {[%emt
00:02:08]} 12. f3 {[%clk 00:17:16]} {[%emt 00:00:25]} Bxe3+ {[%clk 00:25:50]}
{[%emt 00:00:33]} 13. Kb1 {[%clk 00:17:11]} {[%emt 00:00:15]} Bf5 {[%clk
00:24:14]} {[%emt 00:01:47]} 14. Ne4 {[%clk 00:16:26]} {[%emt 00:00:55]} Ke7
{[%clk 00:19:07]} {[%emt 00:05:17]} 0-1

[Event "English Schools Championship Final 2024"]
[Site "Nottingham University Kings Meadow Campus, United Kingdom"]
[Date "2024.06.27"]
[Round "1.51"]
[White "Howarth, Chevy"]
[Black "Dong, Vincent"]
[Result "1/2-1/2"]
[TimeControl "G50' + 10\" per move."]
[WhiteElo "1611"]
[BlackElo "1621"]

1. e4 {[%clk 00:50:16]} {[%emt 00:00:03]} c6 {[%clk 00:50:14]} {[%emt
00:00:07]} 2. d4 {[%clk 00:50:16]} {[%emt 00:00:09]} d5 {[%clk 00:50:19]}
{[%emt 00:00:05]} 3. e5 {[%clk 00:50:20]} {[%emt 00:00:06]} c5 {[%clk
00:50:23]} {[%emt 00:00:07]} 4. c4 {[%clk 00:50:13]} {[%emt 00:00:17]} Nc6
{[%clk 00:49:52]} {[%emt 00:00:42]} 5. Nf3 {[%clk 00:50:06]} {[%emt 00:00:16]}
Bg4 {[%clk 00:49:09]} {[%emt 00:00:53]} 6. cxd5 {[%clk 00:48:19]} {[%emt
00:01:55]} Qxd5 {[%clk 00:47:18]} {[%emt 00:02:02]} 7. Nc3 {[%clk 00:48:01]}
{[%emt 00:00:29]} Qd8 {[%clk 00:46:15]} {[%emt 00:01:13]} 8. d5 {[%clk
00:47:46]} {[%emt 00:00:25]} Bxf3 {[%clk 00:43:43]} {[%emt 00:02:41]} 9. Qxf3
{[%clk 00:46:00]} {[%emt 00:01:56]} Nxe5 {[%clk 00:43:01]} {[%emt 00:00:52]} 10.
Bb5+ {[%clk 00:45:38]} {[%emt 00:00:31]} Nd7 {[%clk 00:42:35]} {[%emt
00:00:37]} 11. Qf5 {[%clk 00:42:33]} {[%emt 00:01:37]} a6 {[%clk 00:41:43]}
{[%emt 00:02:41]} 12. Bxd7+ {[%clk 00:40:28]} {[%emt 00:02:15]} Qxd7 {[%clk
00:41:43]} {[%emt 00:00:10]} 13. Qxd7+ {[%clk 00:40:10]} {[%emt 00:00:27]} Kxd7
{[%clk 00:41:47]} {[%emt 00:00:06]} 14. Be3 {[%clk 00:39:27]} {[%emt 00:00:48]}
Rc8 {[%clk 00:39:22]} {[%emt 00:02:40]} 15. Na4 {[%clk 00:39:12]} {[%emt
00:00:26]} Ke8 {[%clk 00:30:18]} {[%emt 00:09:14]} 16. Nxc5 {[%clk 00:38:12]}
{[%emt 00:01:09]} Nf6 {[%clk 00:27:23]} {[%emt 00:03:05]} 17. Rd1 {[%clk
00:37:15]} {[%emt 00:01:08]} g6 {[%clk 00:24:16]} {[%emt 00:03:17]} 18. O-O
{[%clk 00:35:23]} {[%emt 00:02:01]} Bg7 {[%clk 00:23:22]} {[%emt 00:01:05]} 19.
b3 {[%clk 00:35:15]} {[%emt 00:00:18]} O-O {[%clk 00:19:53]} {[%emt 00:03:38]}
20. Nxb7 {[%clk 00:35:09]} {[%emt 00:00:16]} Rc2 {[%clk 00:17:26]} {[%emt
00:02:38]} 21. d6 {[%clk 00:33:42]} {[%emt 00:01:36]} exd6 {[%clk 00:17:03]}
{[%emt 00:00:34]} 22. Nxd6 {[%clk 00:32:50]} {[%emt 00:01:02]} Rxa2 {[%clk
00:16:30]} {[%emt 00:00:44]} 23. Ra1 {[%clk 00:32:06]} {[%emt 00:00:42]} Rb2
{[%clk 00:14:52]} {[%emt 00:01:59]} 24. Rxa6 {[%clk 00:31:58]} {[%emt
00:00:18]} Rxb3 {[%clk 00:14:45]} {[%emt 00:00:16]} 1/2-1/2